| 000 | 00453nam a2200205Ia 4500 | ||
|---|---|---|---|
| 005 | 20250425162646.0 | ||
| 008 | 250425s9999 xx 000 0 und d | ||
| 020 | _a9789251059647 | ||
| 041 | _aeng | ||
| 043 | _aii | ||
| 082 | _a574.5261 | ||
| 245 | 0 | _aTHE ECOSYSTEM APPROACH TO FISHERIES | |
| 250 | _aS.E | ||
| 260 | _aHINDUPUR | ||
| 260 |
_aIndia _bCABI _c2008 |
||
| 300 | _a363 | ||
| 650 | _aECOSISTEMAS | ||
| 942 | _c01 | ||
| 010 | _a94906 | ||
| 999 |
_c233794 _d233794 |
||